000 00505nam a22001217a 4500
008 110623t xxu||||| |||| 00| 0 eng d
010 _aHCMAF101
245 _aHigh Court Miscellaneous Application No. 8 OF 1997 Iddi Toskin Vs M.N. Malamik
260 _c1997
500 _aBefore: THE HONOURABLE MR. JUSTICE AUGUSTUS KANIA
500 _aFrom Misc. Application No. 7/96) Original Civil Appeal No. 67/95)
999 _c3685
_d3685